<?xml version="1.0" encoding="UTF-8"?><?xml-stylesheet type="text/xsl" href="static/style.xsl"?><OAI-PMH xmlns="http://www.openarchives.org/OAI/2.0/" xmlns:xsi="http://www.w3.org/2001/XMLSchema-instance" xsi:schemaLocation="http://www.openarchives.org/OAI/2.0/ http://www.openarchives.org/OAI/2.0/OAI-PMH.xsd"><responseDate>2026-04-14T13:17:54Z</responseDate><request verb="GetRecord" identifier="oai:uvadoc.uva.es:10324/18924" metadataPrefix="marc">https://uvadoc.uva.es/oai/request</request><GetRecord><record><header><identifier>oai:uvadoc.uva.es:10324/18924</identifier><datestamp>2021-06-29T16:21:53Z</datestamp><setSpec>com_10324_38</setSpec><setSpec>col_10324_852</setSpec></header><metadata><record xmlns="http://www.loc.gov/MARC21/slim" xmlns:doc="http://www.lyncode.com/xoai" xmlns:xsi="http://www.w3.org/2001/XMLSchema-instance" xmlns:dcterms="http://purl.org/dc/terms/" xsi:schemaLocation="http://www.loc.gov/MARC21/slim http://www.loc.gov/standards/marcxml/schema/MARC21slim.xsd">
<leader>00925njm 22002777a 4500</leader>
<datafield tag="042" ind1=" " ind2=" ">
<subfield code="a">dc</subfield>
</datafield>
<datafield tag="720" ind1=" " ind2=" ">
<subfield code="a">García Llorente, Víctor José</subfield>
<subfield code="e">author</subfield>
</datafield>
<datafield tag="720" ind1=" " ind2=" ">
<subfield code="a">González Campos, Iván</subfield>
<subfield code="e">author</subfield>
</datafield>
<datafield tag="260" ind1=" " ind2=" ">
<subfield code="c">2016</subfield>
</datafield>
<datafield tag="520" ind1=" " ind2=" ">
<subfield code="a">La orla más antigua de la que se dispone en la facultad de Medicina de Valladolid data del año 1873 y se halla expuesta en el despacho del Señor Decano de dicha facultad. En este trabajo se profundiza acerca de quiénes fueron y qué hicieron aquellos graduados que aparecen en ella. Mediante un trabajo de documentación hemos reunido información tanto académica como profesional, haciendo uso del Archivo Universitario e Histórico Provincial de Valladolid así como de fuentes informáticas. Durante esta investigación hemos podido comprobar cómo era la enseñanza de Medicina en aquella época, de qué forma se distribuyeron por la península y fuera de ella los graduados en su labor profesional, y cómo se almacenó dicha información a través del tiempo.</subfield>
</datafield>
<datafield tag="024" ind2=" " ind1="8">
<subfield code="a">http://uvadoc.uva.es/handle/10324/18924</subfield>
</datafield>
<datafield ind1=" " ind2=" " tag="653">
<subfield code="a">Recompensas y distinciones honoríficas</subfield>
</datafield>
<datafield ind1=" " ind2=" " tag="653">
<subfield code="a">Universidad de Valladolid - Facultad de Medicina</subfield>
</datafield>
<datafield tag="245" ind1="0" ind2="0">
<subfield code="a">Documentación de la orla más antigua de la Facultad de Medicina de Valladolid</subfield>
</datafield>
</record></metadata></record></GetRecord></OAI-PMH>